[Event "Andalucia-chC"]
[Site "Linares"]
[Date "2025.05.24"]
[Round "3"]
[White "Perez Odero, Gonzalo"]
[Black "Perez Garrido, Juan"]
[Result "0-1"]
[WhiteElo "1628"]
[BlackElo "1675"]
[PlyCount "112"]
[EventDate "2025.05.23"]
[EventType "swiss"]
[EventRounds "7"]
[EventCountry "ESP"]
[SourceTitle "CB22_2025"]
[SourceDate "2025.05.28"]
[SourceVersion "1"]
[SourceVersionDate "2025.05.28"]
[SourceQuality "1"]

1. e4 c5 2. Nf3 g6 3. Bc4 Bg7 4. d4 cxd4 5. Nxd4 d6 6. Nc3 Nf6 7. 0-0 0-0 8. f4 Qb6 9. Kh1 Nxe4 10. Be3 Nxc3 11. bxc3 e5 12. Nf5 Qc7 13. Nxd6 Rd8 14. fxe5 Be6 15. Bxe6 fxe6 16. Bd4 Nc6 17. Rf7 Rd7 18. Rxd7 Qxd7 19. Qe2 Bf8 20. Ne4 Nxd4 21. Nf6+ Kg7 22. cxd4 Qxd4 23. Rd1 Qb4 24. Rd7+ Be7 25. c3 Qb1+ 26. Rd1 Qb6 27. Nd7 Qc6 28. Qf2 Rd8 29. Qd4 Bc5 30. Qd2 Qc7 31. h3 Be7 32. Qd3 Kf7 33. Qb5 Qxc3 34. Rf1+ Kg7 35. Qxb7 Qd3 36. Qf3 Qf5 37. Qxf5 exf5 38. Nc5 Bxc5 39. Rc1 Bb6 40. Rc6 Rd1+ 41. Kh2 Ra1 42. Rc2 Kf7 43. Kg3 Ke6 44. Re2 Bc7 45. Kf4 h6 46. g4 g5+ 47. Kg3 f4+ 48. Kf3 Rc1 49. Rb2 Rc3+ 50. Kg2 Bxe5 51. Rd2 Rg3+ 52. Kh2 h5 53. gxh5 g4 54. hxg4 Rxg4 55. Kh3 Rg3+ 56. Kh4 Bf6# 0-1